Statistics for Toronto Raptors 20 Points Per Game Players

Click here to take the quiz!

General Stats

  • This quiz has been taken 21 times
  • The average score is 6 of 8

Answer Stats

# Players Last % Correct
5DeMar DeRozan2018
100%
1Kawhi Leonard2019
100%
5Chris Bosh2010
95%
5Vince Carter2004
95%
2Kyle Lowry2017
95%
1Damon Stoudamire1997
55%
1Andrea Bargnani2011
45%
1Mike James2006
10%

Score Distribution

Percentile by Number Answered

Percent of People with Each Score

Your Score History

You have not taken this quiz